Στίχοι
Αποθηκεύτηκε σε:
| Κύριος συγγραφέας: | |
|---|---|
| Μορφή: | Βιβλίο |
| Γλώσσα: | Greek |
| Δημοσίευση: |
Εν Αθήναις :
Εκ των καταστημάτων των Ανδρέου Κορομηλά,
1885.
|
| Θέματα: | |
| Διαθέσιμο Online: | http://hdl.handle.net/11610/17017 |
| Ετικέτες: |
Προσθήκη ετικέτας
Δεν υπάρχουν, Καταχωρήστε ετικέτα πρώτοι!
|
MARC
| LEADER | 00000cam a2200000 i 4500 | ||
|---|---|---|---|
| 001 | 1/60483 | ||
| 008 | 141127s1885 gr | ||| |||| ||gre|| | ||
| 035 | |l 10119880 | ||
| 040 | |a GR-MyUA |b gre |e AACR2 | ||
| 041 | 0 | |a gre | |
| 082 | 0 | |a 889.2 |2 (23) | |
| 100 | 1 | |a Βικέλας, Δημήτριος, |d 1835-1908. | |
| 245 | 1 | 0 | |a Στίχοι / |c Δημητρίου Βικέλα. |
| 260 | |a Εν Αθήναις : |b Εκ των καταστημάτων των Ανδρέου Κορομηλά, |c 1885. | ||
| 300 | |a 140 σ. ; |c 19 εκ. | ||
| 500 | |a Στο verso ετικέτα "Ιπποκράτης Νικολάου Τη Πορφυριάδι Σχόλη των Καρλοβασίων". Στο recto σφραγίδα "Πορφυριάς Αστική Σχολή Καρλοβασίων" αρ. 139. | ||
| 500 | |a Υπάρχει ψηφιακό αντίγραφο. | ||
| 500 | |a Έκδοσις νέα. Στον κολοφώνα του βιβλίου "Εν Αθήναις Εκ του τυπογραφείου Ανδρέου Κορομηλά, κατά μήνα Ιανουάριον 1885, Β'-937". | ||
| 650 | 0 | 0 | |a Greek poetry, Modern |y 19th century. |
| 852 | |a INST |b SAMOS |c PORFYRIADA |e 20141127 |h 889.2 ΒΙΚ |p 005300040817 |q 005300040817 |t NOLOAN |y 23 | ||
| 856 | |u http://hdl.handle.net/11610/17017 | ||
| 901 | |a BIBL3-2014-3 | ||
| 909 | |a Σ |b 185421 | ||
| 970 | |a ΣΙΤΖΙΜΗ |b ΓΙΑΣΕΜΗ |z 2014/11/27 | ||